00548nam a2200169 a 450000100100000000500170001000800410002702000150006802000150008304000250009810000300012324500760015326000590022930000320028850000210032070000370034100003653920200930075804.0120119s1981 xxu 000 0 spa d a0256023085 a0256023085 aDO-SdBNPbspacBNPHU1 aFair, Marvin Luke,d1897-10aTransportation and logistics /cMarvin L. Fair, Ernest W. Williams, Jr. aTexas, Estados Unidos :bBusiness Publications,c1981. axi, 512 p. :bil. ;c24 cm. aIncluye índice12aWilliams, Ernest William,d1916-